We Still Don't Trust You - Future & Metro Boomin (Full lyrics) - Statistics

General Stats
  • This quiz has been taken 9 times
  • The average score is 140 of 176
Answer Stats
Lyrics % Correct
a
100%
and
100%
And
100%
freak
100%
she
100%
She's
100%
such
100%
Bad
83%
don't
83%
freaky,
83%
girls,
83%
love
83%
my
83%
Paris
83%
sing
83%
song
83%
still
83%
Still
83%
the
83%
they
83%
trust
83%
trust-
83%
Trust-
83%
Trust
83%
We
83%
we
83%
with
83%
yeah
83%
you
83%
at
67%
I
67%
of
67%
sexual
67%
am
50%
arena
50%
be
50%
chemistry
50%
Electricity,
50%
ever
50%
feel
50%
feeling
50%
forgot
50%
got
50%
her
50%
home
50%
In
50%
is
50%
it
50%
loving
50%
our
50%
shows
50%
stadium
50%
stage,
50%
than
50%
transparency,
50%
where
50%
higher
33%
will
33%
No matching quizzes found
Score Distribution
Percent of People with Each Score
Percentile by Number Answered
Your Score History
You have not taken this quiz